Vista normal Vista MARC

Entrada Topical Term

Número de registros utilizados en: 1

001 - CONTROL NUMBER

  • control field: 38599

003 - CONTROL NUMBER IDENTIFIER

  • control field: OSt

005 - DATE AND TIME OF LATEST TRANSACTION

  • control field: 20210721121249.0

008 - FIXED-LENGTH DATA ELEMENTS

  • fixed length control field: 210721|| aca||aabn | a|a d

040 ## - CATALOGING SOURCE

  • Original cataloging agency: OSt
  • Transcribing agency: OSt

150 ## - HEADING--TOPICAL TERM

  • Topical term or geographic name entry element: Hacienda pública
  • Form subdivision: Congresos, conferencias,
  • Geographic subdivision: Colombia

670 ## - SOURCE DATA FOUND

  • Source citation: Work cat.: (OSt)11984: Convención Bancaria y de Entidades Financieras Cartagena) (1995 : 38597, Economía y finanzas en Colombia después de las reformas una perspectiva internacional : , 1995.